[Event "12th Capablanca Memorial"]
[Site "Cienfuegos CUB"]
[Date "1975.03.05"]
[Round "1"]
[White "Estevez Morales, Guillermo"]
[Black "Forintos, Gyozo"]
[Result "1/2-1/2"]
[WhiteElo "2330"]
[BlackElo "2490"]
[EventDate "1975.03.05"]
[WhiteFideId "-1"]
[BlackFideId "-1"]
[PlyCount "69"]
[Beauty "6460301933575"]
[GameId "272191863002"]
[EventType "tourn"]
[EventRounds "17"]
[EventCountry "CUB"]
[EventCategory "8"]
[SourceTitle "EXT 1998"]
[Source "ChessBase"]
[SourceDate "1997.11.17"]
[SourceVersion "1"]
[SourceVersionDate "1997.11.17"]
[SourceQuality "1"]

1.Nf3 g6 2.g3 Bg7 3.Bg2 c5 4.d3 Nc6 5.O-O e6 6.e4 Nge7 7.Re1 d6 8.c3 e5 9.
Nbd2 O-O 10.a3 a6 11.b4 h6 12.Bb2 Be6 13.Rb1 Qd7 14.Nb3 b6 15.d4 c4 16.d5 
cxb3 17.dxe6 Qxe6 18.Nd2 b5 19.Qxb3 Qxb3 20.Nxb3 Nc8 21.Red1 Rd8 22.Bf1 
Nb6 23.Rbc1 Rac8 24.c4 bxc4 25.Bxc4 Nxb4 26.Bf1 Na4 27.axb4 Nxb2 28.Rxd6 
Bf8 29.Rxd8 Rxd8 30.Nc5 Rd4 31.Nxa6 Bxb4 32.Nxb4 Rxb4 33.f3 Kg7 34.Rc5 Kf6
35.Rb5 1/2-1/2

[Event "12th Capablanca Memorial"]
[Site "Cienfuegos CUB"]
[Date "1975.03.05"]
[Round "1"]
[White "Garcia Gonzales, Guillermo"]
[Black "Razuvaev, Yury"]
[Result "1/2-1/2"]
[WhiteElo "2485"]
[BlackElo "2510"]
[EventDate "1975.03.05"]
[WhiteFideId "-1"]
[BlackFideId "-1"]
[PlyCount "113"]
[Beauty "5293010321416"]
[GameId "272191863003"]
[EventType "tourn"]
[EventRounds "17"]
[EventCountry "CUB"]
[EventCategory "8"]
[SourceTitle "EXT 1998"]
[Source "ChessBase"]
[SourceDate "1997.11.17"]
[SourceVersion "1"]
[SourceVersionDate "1997.11.17"]
[SourceQuality "1"]

1.Nf3 Nf6 2.c4 e6 3.g3 b6 4.Bg2 Bb7 5.O-O c5 6.Nc3 Be7 7.d4 cxd4 8.Qxd4 
Nc6 9.Qf4 O-O 10.Rd1 Qb8 11.Qxb8 Raxb8 12.b3 Na5 13.Bf4 Ra8 14.Nd4 Bxg2 
15.Kxg2 Rfc8 16.e4 a6 17.Nde2 Nc6 18.f3 Ra7 19.Rd2 Rb7 20.Rad1 Rd8 21.g4 
h6 22.Bg3 b5 23.cxb5 axb5 24.e5 Ne8 25.Ne4 b4 26.Nc1 f6 27.Nd3 Rb5 28.Nb2 
f5 29.Nf2 Nxe5 30.gxf5 exf5 31.Re2 Ng6 32.Nfd3 Nf6 33.Nc4 Nd5 34.Rde1 Bf8 
35.Re8 Rxe8 36.Rxe8 f4 37.Be1 Kf7 38.Ra8 Ne3+ 39.Nxe3 fxe3 40.Kf1 Ne5 41.
Ke2 Nxd3 42.Kxd3 Re5 43.Ke2 d5 44.Ra5 Re8 45.Rxd5 Ra8 46.Kxe3 Rxa2 47.Rd2 
Ra1 48.Bg3 Rb1 49.Rd3 Bc5+ 50.Ke4 Ke6 51.f4 g6 52.Rd5 Bd6 53.Rd3 Rc1 54.
Rf3 h5 55.Bf2 Rc2 56.h3 Rb2 57.Bd4 1/2-1/2

[Event "12th Capablanca Memorial"]
[Site "Cienfuegos CUB"]
[Date "1975.03.05"]
[Round "1"]
[White "Jansa, Vlastimil"]
[Black "Balashov, Yury"]
[Result "0-1"]
[WhiteElo "2540"]
[BlackElo "2540"]
[EventDate "1975.03.05"]
[WhiteFideId "-1"]
[BlackFideId "-1"]
[PlyCount "112"]
[Beauty "6600827864595"]
[GameId "272191862979"]
[EventType "tourn"]
[EventRounds "17"]
[EventCountry "CUB"]
[EventCategory "8"]
[SourceTitle "EXT 1998"]
[Source "ChessBase"]
[SourceDate "1997.11.17"]
[SourceVersion "1"]
[SourceVersionDate "1997.11.17"]
[SourceQuality "1"]

1.e4 c5 2.Nf3 d6 3.d4 cxd4 4.Nxd4 Nf6 5.Nc3 a6 6.Be2 e5 7.Nb3 Be7 8.O-O 
O-O 9.f4 Qc7 10.a4 Be6 11.Kh1 Nbd7 12.Be3 exf4 13.Rxf4 Ne5 14.a5 Rac8 15.
Nd4 Nfd7 16.Rf1 g6 17.Nf5 gxf5 18.exf5 Bc4 19.Bxc4 Qxc4 20.Bh6 Qh4 21.Bxf8
Bxf8 22.Ra4 Rc4 23.Rxc4 Qxc4 24.Nd5 Qh4 25.Rf4 Qg5 26.Qe1 Qh5 27.h3 Kh8 
28.Kh2 Bh6 29.Rh4 Qg5 30.Qf2 Bg7 31.Rb4 Nf6 32.Nxf6 Bxf6 33.Rxb7 Nc4 34.g3
Kg7 35.Qf4 Qxf4 36.gxf4 Bxb2 37.Ra7 Nxa5 38.Rxa6 Nc4 39.Rc6 d5 40.Kg3 Ne3 
41.Kf3 Nxf5 42.Rc5 Ne7 43.c4 dxc4 44.Rxc4 f5 45.Rb4 Bf6 46.Rb5 Kf7 47.Ra5 
Bd4 48.Ra6 h5 49.Kg3 Bf6 50.Ra5 h4+ 51.Kf3 Bd4 52.Ra6 Bc5 53.Ke2 Ng6 54.
Kf3 Nf8 55.Rh6 Ne6 56.Rxh4 Bd4 0-1

[Event "12th Capablanca Memorial"]
[Site "Cienfuegos CUB"]
[Date "1975.03.05"]
[Round "1"]
[White "Lebredo Zarragoitia, Gerardo"]
[Black "Diaz Diaz, Joaquin"]
[Result "1/2-1/2"]
[WhiteElo "2335"]
[BlackElo "2335"]
[EventDate "1975.03.05"]
[WhiteFideId "-1"]
[BlackFideId "-1"]
[PlyCount "29"]
[Beauty "6597606645253"]
[GameId "272191863005"]
[EventType "tourn"]
[EventRounds "17"]
[EventCountry "CUB"]
[EventCategory "8"]
[SourceTitle "EXT 1998"]
[Source "ChessBase"]
[SourceDate "1997.11.17"]
[SourceVersion "1"]
[SourceVersionDate "1997.11.17"]
[SourceQuality "1"]

1.c4 e5 2.Nc3 Nf6 3.e3 Nc6 4.a3 g6 5.d4 exd4 6.exd4 Bg7 7.Nf3 O-O 8.d5 Ne5
9.Nxe5 Re8 10.Be2 Rxe5 11.O-O Ne4 12.Nxe4 Rxe4 13.Bd3 Re8 14.Rb1 d6 15.Bf4
1/2-1/2

[Event "12th Capablanca Memorial"]
[Site "Cienfuegos CUB"]
[Date "1975.03.05"]
[Round "1"]
[White "Sigurjonsson, Gudmundur"]
[Black "Pesantes Carbajal, Carlos"]
[Result "1/2-1/2"]
[WhiteElo "2475"]
[BlackElo "2330"]
[EventDate "1975.03.05"]
[WhiteFideId "-1"]
[BlackFideId "-1"]
[PlyCount "107"]
[Beauty "5430986160650"]
[GameId "272191863006"]
[EventType "tourn"]
[EventRounds "17"]
[EventCountry "CUB"]
[EventCategory "8"]
[SourceTitle "EXT 1998"]
[Source "ChessBase"]
[SourceDate "1997.11.17"]
[SourceVersion "1"]
[SourceVersionDate "1997.11.17"]
[SourceQuality "1"]

1.e4 e5 2.Nf3 Nc6 3.Bb5 a6 4.Ba4 Nf6 5.O-O Be7 6.Re1 b5 7.Bb3 d6 8.c3 O-O 
9.h3 Na5 10.Bc2 c5 11.d4 Qc7 12.Nbd2 Nc6 13.dxc5 dxc5 14.Nh2 Rd8 15.Qf3 
Be6 16.Ndf1 b4 17.Ng4 Nxg4 18.hxg4 c4 19.g5 Qa5 20.Bd2 Rd7 21.Red1 Rad8 
22.g3 Qb5 23.Be3 bxc3 24.bxc3 Rxd1 25.Rxd1 Qa5 26.Rxd8+ Nxd8 27.Bd2 Qxa2 
28.Qd1 Nb7 29.Ne3 Nc5 30.Nf5 Bf8 31.Be3 Qa5 32.f4 Bxf5 33.exf5 Qxc3 34.
Bxc5 Bxc5+ 35.Kg2 exf4 36.gxf4 Qe3 37.g6 Bd4 38.Qf3 Qxf3+ 39.Kxf3 f6 40.
gxh7+ Kxh7 41.Ke4 Bb2 42.Kd5 c3 43.Kc5 Kh6 44.Kb6 Bc1 45.Kxa6 Bxf4 46.Kb5 
Be5 47.Kc4 Kg5 48.Kd5 Kf4 49.Bb1 Ke3 50.Kc4 Kd2 51.Kb3 Bd6 52.Bc2 Ba3 53.
Bb1 Bb2 54.Bc2 1/2-1/2

[Event "12th Capablanca Memorial"]
[Site "Cienfuegos CUB"]
[Date "1975.03.05"]
[Round "1"]
[White "Triana, Justo"]
[Black "Andersson, Ulf"]
[Result "0-1"]
[WhiteElo "2310"]
[BlackElo "2565"]
[EventDate "1975.03.05"]
[WhiteFideId "-1"]
[BlackFideId "-1"]
[PlyCount "68"]
[Beauty "8045547487268"]
[GameId "272191862990"]
[EventType "tourn"]
[EventRounds "17"]
[EventCountry "CUB"]
[EventCategory "8"]
[SourceTitle "EXT 1998"]
[Source "ChessBase"]
[SourceDate "1997.11.17"]
[SourceVersion "1"]
[SourceVersionDate "1997.11.17"]
[SourceQuality "1"]

1.e4 c5 2.Nf3 e6 3.d4 cxd4 4.Nxd4 Nf6 5.Nc3 d6 6.Be2 a6 7.a4 Nc6 8.Be3 Be7
9.O-O Qc7 10.Nb3 b6 11.f4 Rb8 12.Qe1 O-O 13.g4 Re8 14.g5 Nd7 15.Qf2 Bf8 
16.Qh4 g6 17.Rf3 Bg7 18.f5 exf5 19.Rh3 Nf8 20.Nd5 Qd8 21.exf5 Bxf5 22.Bg4 
Re4 23.Bf4 Bxg4 24.Qxg4 Ne6 25.Rf1 Nb4 26.Nd2 Rd4 27.Nxb4 Rxb4 28.c3 Nxf4 
29.Rxf4 Rxb2 30.Ne4 d5 31.Rd3 b5 32.Nf6+ Bxf6 33.Rxf6 bxa4 34.Qxa4 Qe7 0-1

[Event "12th Capablanca Memorial"]
[Site "Cienfuegos CUB"]
[Date "1975.03.05"]
[Round "1"]
[White "Vasiukov, Evgeny"]
[Black "Ermenkov, Evgeny"]
[Result "1-0"]
[WhiteElo "2560"]
[BlackElo "2450"]
[EventDate "1975.03.05"]
[WhiteFideId "-1"]
[BlackFideId "-1"]
[PlyCount "139"]
[Beauty "5841423964680"]
[GameId "272191863007"]
[EventType "tourn"]
[EventRounds "17"]
[EventCountry "CUB"]
[EventCategory "8"]
[SourceTitle "EXT 1998"]
[Source "ChessBase"]
[SourceDate "1997.11.17"]
[SourceVersion "1"]
[SourceVersionDate "1997.11.17"]
[SourceQuality "1"]

1.e4 c6 2.d4 d5 3.exd5 cxd5 4.c4 Nf6 5.Nc3 g6 6.Qb3 Bg7 7.cxd5 O-O 8.Be2 
Nbd7 9.Bf3 Nb6 10.Bg5 a5 11.Bxf6 exf6 12.Nge2 Bf5 13.O-O Bd3 14.Na4 Bxe2 
15.Bxe2 Nxa4 16.Qxa4 f5 17.Bf3 Qb6 18.Rfd1 Rac8 19.Rab1 Rfd8 20.b4 Ra8 21.
bxa5 Qxa5 22.Qxa5 Rxa5 23.Rd2 b5 24.h3 h5 25.Kf1 Bf6 26.Rb4 Be7 27.Rbb2 b4
28.Rdc2 Bd6 29.Rc6 Kg7 30.Rb6 Rd7 31.Rc2 Bf8 32.Ke1 Ra3 33.Kd1 Rd3+ 34.Rd2
Rc3 35.Rc2 Rd3+ 36.Ke2 Rxd4 37.Ke3 Rh4 38.Rcc6 Be7 39.d6 Bg5+ 40.Kd3 Bf6 
41.Rc4 Rxc4 42.Kxc4 Bh4 43.g3 Bd8 44.Ra6 h4 45.Kd5 Bg5 46.g4 fxg4 47.Bxg4 
f5 48.Be2 Rd8 49.Bb5 Rb8 50.Ba4 Rc8 51.Ra7+ Kh6 52.Bc6 Rb8 53.Ra8 Rxa8 54.
Bxa8 Kg7 55.Kc5 Kf6 56.Kxb4 Ke6 57.Kc5 Bd8 58.Bd5+ Ke5 59.a4 g5 60.f3 g4 
61.fxg4 fxg4 62.hxg4 Kf4 63.Kb5 Ke5 64.a5 Bxa5 65.Kxa5 Kxd6 66.Bg2 Ke5 67.
Kb4 Kf4 68.Bh3 Kg3 69.g5 Kxh3 70.g6 1-0

[Event "12th Capablanca Memorial"]
[Site "Cienfuegos CUB"]
[Date "1975.03.05"]
[Round "1"]
[White "Vogt, Lothar"]
[Black "Sydor, Andrzej"]
[Result "1/2-1/2"]
[WhiteElo "2450"]
[BlackElo "2395"]
[EventDate "1975.03.05"]
[WhiteFideId "-1"]
[BlackFideId "-1"]
[PlyCount "65"]
[Beauty "6530095120393"]
[GameId "272191863050"]
[EventType "tourn"]
[EventRounds "17"]
[EventCountry "CUB"]
[EventCategory "8"]
[SourceTitle "EXT 1998"]
[Source "ChessBase"]
[SourceDate "1997.11.17"]
[SourceVersion "1"]
[SourceVersionDate "1997.11.17"]
[SourceQuality "1"]

1.e4 e5 2.Nf3 Nc6 3.Bb5 a6 4.Ba4 Nf6 5.O-O Nxe4 6.d4 b5 7.Bb3 d5 8.dxe5 
Be6 9.Qe2 Be7 10.Rd1 O-O 11.c4 bxc4 12.Bxc4 Qd7 13.Nc3 Nxc3 14.bxc3 f6 15.
exf6 Bxf6 16.Ng5 Bxg5 17.Bxg5 h6 18.Be3 Qd6 19.Bb3 Ne5 20.Rd4 c5 21.Rf4 g5
22.Rxf8+ Rxf8 23.f3 Bf5 24.Bf2 Nd3 25.Bg3 Qd7 26.c4 Qg7 27.Rd1 Qd4+ 28.Bf2
Qxf2+ 29.Qxf2 Nxf2 30.Kxf2 d4 31.Re1 Bd7 32.Re7 Rf7 33.Re5 1/2-1/2

[Event "12th Capablanca Memorial"]
[Site "Cienfuegos CUB"]
[Date "1975.03.06"]
[Round "2"]
[White "Andersson, Ulf"]
[Black "Estevez Morales, Guillermo"]
[Result "1-0"]
[WhiteElo "2565"]
[BlackElo "2330"]
[EventDate "1975.03.05"]
[WhiteFideId "-1"]
[BlackFideId "-1"]
[PlyCount "81"]
[Beauty "7628801441798"]
[GameId "272191862955"]
[EventType "tourn"]
[EventRounds "17"]
[EventCountry "CUB"]
[EventCategory "8"]
[SourceTitle "EXT 1998"]
[Source "ChessBase"]
[SourceDate "1997.11.17"]
[SourceVersion "1"]
[SourceVersionDate "1997.11.17"]
[SourceQuality "1"]

1.c4 Nf6 2.Nf3 c5 3.e3 g6 4.b3 Bg7 5.Bb2 O-O 6.Be2 Nc6 7.a3 b6 8.O-O Bb7 
9.d3 Ne8 10.Bxg7 Nxg7 11.Nc3 e6 12.d4 cxd4 13.Nxd4 Nxd4 14.Qxd4 Nf5 15.Qd3
Qf6 16.Rad1 Rfd8 17.e4 Ng7 18.f4 Qe7 19.Qd6 Qxd6 20.Rxd6 Kf8 21.Kf2 Ke7 
22.Rfd1 Ne8 23.R6d4 d6 24.e5 dxe5 25.Rxd8 Rxd8 26.Rxd8 Kxd8 27.fxe5 f6 28.
exf6 Nxf6 29.Bf3 Bxf3 30.Kxf3 Nd7 31.Ke3 a6 32.b4 Ke7 33.Kd4 Nb8 34.Na4 
Nd7 35.c5 bxc5+ 36.Nxc5 Nb8 37.a4 Nc6+ 38.Kc4 Nb8 39.Ne4 Nd7 40.a5 h6 41.
b5 1-0

[Event "12th Capablanca Memorial"]
[Site "Cienfuegos CUB"]
[Date "1975.03.06"]
[Round "2"]
[White "Balashov, Yury"]
[Black "Vasiukov, Evgeny"]
[Result "1/2-1/2"]
[WhiteElo "2540"]
[BlackElo "2560"]
[EventDate "1975.03.05"]
[WhiteFideId "-1"]
[BlackFideId "-1"]
[PlyCount "29"]
[Beauty "6597338202114"]
[GameId "272191863008"]
[EventType "tourn"]
[EventRounds "17"]
[EventCountry "CUB"]
[EventCategory "8"]
[SourceTitle "EXT 1998"]
[Source "ChessBase"]
[SourceDate "1997.11.17"]
[SourceVersion "1"]
[SourceVersionDate "1997.11.17"]
[SourceQuality "1"]

1.d4 d5 2.c4 c6 3.Nf3 Nf6 4.cxd5 cxd5 5.Nc3 Nc6 6.Bf4 e6 7.e3 Bd6 8.Bxd6 
Qxd6 9.Bd3 O-O 10.O-O e5 11.dxe5 Nxe5 12.Be2 Rd8 13.Nxe5 Qxe5 14.Qd4 Qxd4 
15.exd4 1/2-1/2

[Event "12th Capablanca Memorial"]
[Site "Cienfuegos CUB"]
[Date "1975.03.06"]
[Round "2"]
[White "Diaz Diaz, Joaquin"]
[Black "Hernandez, Jose de Jesus"]
[Result "1-0"]
[WhiteElo "2335"]
[BlackElo "2310"]
[EventDate "1975.03.05"]
[WhiteFideId "-1"]
[BlackFideId "-1"]
[PlyCount "67"]
[Beauty "8114266980387"]
[GameId "272191863009"]
[EventType "tourn"]
[EventRounds "17"]
[EventCountry "CUB"]
[EventCategory "8"]
[SourceTitle "EXT 1998"]
[Source "ChessBase"]
[SourceDate "1997.11.17"]
[SourceVersion "1"]
[SourceVersionDate "1997.11.17"]
[SourceQuality "1"]

1.e4 e6 2.d4 d5 3.Nd2 dxe4 4.Nxe4 Nd7 5.Nf3 Ngf6 6.Nxf6+ Nxf6 7.Bd3 Be7 8.
Qe2 a6 9.Bg5 Nd5 10.h4 Qd6 11.O-O-O Nf4 12.Bxf4 Qxf4+ 13.Kb1 Qd6 14.c3 c6 
15.Qc2 h6 16.Ne5 Bf6 17.f4 Rf8 18.g4 Bd7 19.g5 Be7 20.g6 f6 21.Nxd7 Kxd7 
22.f5 exf5 23.d5 cxd5 24.Bc4 Kc7 25.Bxd5 Qb6 26.Qxf5 Bd6 27.Rd3 Rad8 28.c4
Qa5 29.Qf3 Be5 30.Rb3 b6 31.c5 b5 32.Bb7 Kb8 33.Qc6 Rd2 34.Bxa6 1-0

[Event "12th Capablanca Memorial"]
[Site "Cienfuegos CUB"]
[Date "1975.03.06"]
[Round "2"]
[White "Ermenkov, Evgeny"]
[Black "Vogt, Lothar"]
[Result "1/2-1/2"]
[WhiteElo "2450"]
[BlackElo "2450"]
[EventDate "1975.03.05"]
[WhiteFideId "-1"]
[BlackFideId "-1"]
[PlyCount "28"]
[Beauty "6597069766660"]
[GameId "272191863010"]
[EventType "tourn"]
[EventRounds "17"]
[EventCountry "CUB"]
[EventCategory "8"]
[SourceTitle "EXT 1998"]
[Source "ChessBase"]
[SourceDate "1997.11.17"]
[SourceVersion "1"]
[SourceVersionDate "1997.11.17"]
[SourceQuality "1"]

1.Nf3 Nf6 2.g3 g6 3.b3 Bg7 4.Bb2 O-O 5.Bg2 d5 6.O-O c5 7.c4 d4 8.e3 Nc6 9.
exd4 cxd4 10.Re1 Bf5 11.a3 a5 12.d3 Qd7 13.Qc2 Rfe8 14.Nbd2 e5 1/2-1/2

[Event "12th Capablanca Memorial"]
[Site "Cienfuegos CUB"]
[Date "1975.03.06"]
[Round "2"]
[White "Forintos, Gyozo"]
[Black "Garcia Gonzales, Guillermo"]
[Result "1/2-1/2"]
[WhiteElo "2490"]
[BlackElo "2485"]
[EventDate "1975.03.05"]
[WhiteFideId "-1"]
[BlackFideId "-1"]
[PlyCount "124"]
[Beauty "5017192909330"]
[GameId "272191862972"]
[EventType "tourn"]
[EventRounds "17"]
[EventCountry "CUB"]
[EventCategory "8"]
[SourceTitle "EXT 1998"]
[Source "ChessBase"]
[SourceDate "1997.11.17"]
[SourceVersion "1"]
[SourceVersionDate "1997.11.17"]
[SourceQuality "1"]

1.c4 e5 2.Nc3 Nf6 3.g3 Bb4 4.Qc2 O-O 5.Bg2 Re8 6.e3 Bxc3 7.bxc3 Nc6 8.e4 
Na5 9.d3 c6 10.f3 d5 11.cxd5 cxd5 12.Nh3 dxe4 13.fxe4 Ng4 14.O-O Qb6+ 15.
Kh1 Ne3 16.Bxe3 Qxe3 17.Qa4 Nc6 18.Rf3 Qh6 19.Nf2 Bd7 20.Qb3 Re7 21.Rd1 
Be6 22.Qb2 Rc7 23.d4 Na5 24.d5 Bd7 25.Bf1 Rd8 26.Qb4 Qb6 27.Qe7 Rf8 28.
Qxe5 Nc4 29.Qd4 Qxd4 30.cxd4 Nd6 31.e5 Nb5 32.Kg1 Rc2 33.e6 fxe6 34.Rxf8+ 
Kxf8 35.dxe6 Be8 36.Ne4 Ke7 37.d5 Nd6 38.Rd2 Rc1 39.Nxd6 Kxd6 40.Kf2 Rc5 
41.Bg2 h6 42.Be4 Rc3 43.Rb2 b5 44.Ke2 a5 45.Kd2 b4 46.Rc2 Rxc2+ 47.Kxc2 a4
48.a3 b3+ 49.Kc3 Kc5 50.g4 g5 51.Kd2 Kd6 52.Kc3 Kc5 53.Kd3 Bb5+ 54.Kd2 Kd6
55.Bf3 Be8 56.Be4 Bb5 57.Kc3 Be2 58.h3 Bf1 59.Kb4 Bxh3 60.Kxa4 b2 61.Kb3 
Bg2 62.Bf5 b1=Q+ 1/2-1/2

[Event "12th Capablanca Memorial"]
[Site "Cienfuegos CUB"]
[Date "1975.03.06"]
[Round "2"]
[White "Lebredo Zarragoitia, Gerardo"]
[Black "Jansa, Vlastimil"]
[Result "0-1"]
[WhiteElo "2335"]
[BlackElo "2540"]
[EventDate "1975.03.05"]
[WhiteFideId "-1"]
[BlackFideId "-1"]
[PlyCount "118"]
[Beauty "6459630813190"]
[GameId "272191863011"]
[EventType "tourn"]
[EventRounds "17"]
[EventCountry "CUB"]
[EventCategory "8"]
[SourceTitle "EXT 1998"]
[Source "ChessBase"]
[SourceDate "1997.11.17"]
[SourceVersion "1"]
[SourceVersionDate "1997.11.17"]
[SourceQuality "1"]

1.Nf3 g6 2.c4 Nf6 3.d4 Bg7 4.g3 O-O 5.Bg2 d6 6.O-O c6 7.Nc3 Qa5 8.h3 Be6 
9.d5 cxd5 10.Nd4 Bd7 11.cxd5 Rc8 12.e4 Na6 13.Be3 Be8 14.Nb3 Qd8 15.Bd4 
Nd7 16.Bxg7 Kxg7 17.Qd4+ Kg8 18.Rfc1 Qb6 19.Bf1 Ne5 20.Qxb6 axb6 21.f4 Nc4
22.Bxc4 Rxc4 23.Nd2 Rcc8 24.Kf2 b5 25.a3 b4 26.axb4 Nxb4 27.Rxa8 Rxa8 28.
Ke3 Bd7 29.h4 Kf8 30.Nc4 Ra6 31.Kd4 e6 32.dxe6 fxe6 33.Na3 Ke7 34.Ke3 Rc6 
35.Rd1 Na6 36.Rd2 Nc5 37.Rh2 h5 38.Rg2 Rb6 39.Nab1 Bc6 40.Rc2 Rb4 41.Nd2 
Na4 42.Nxa4 Rxa4 43.Rc3 d5 44.exd5 Bxd5 45.b3 Rb4 46.Kd3 Kf6 47.Rc7 Rb6 
48.Rc3 Kf5 49.Kd4 Rd6 50.Ke3 Kg4 51.Kf2 Ra6 52.Rd3 Ra2 53.b4 Rb2 54.Rd4 b5
55.Rd3 Rxb4 56.Nf1 Rb2+ 57.Rd2 Rxd2+ 58.Nxd2 b4 59.Nf1 Kf5 0-1

[Event "12th Capablanca Memorial"]
[Site "Cienfuegos CUB"]
[Date "1975.03.06"]
[Round "2"]
[White "Pesantes Carbajal, Carlos"]
[Black "Triana, Justo"]
[Result "0-1"]
[WhiteElo "2330"]
[BlackElo "2310"]
[EventDate "1975.03.05"]
[WhiteFideId "-1"]
[BlackFideId "-1"]
[PlyCount "80"]
[Beauty "7630412061716"]
[GameId "272191863012"]
[EventType "tourn"]
[EventRounds "17"]
[EventCountry "CUB"]
[EventCategory "8"]
[SourceTitle "EXT 1998"]
[Source "ChessBase"]
[SourceDate "1997.11.17"]
[SourceVersion "1"]
[SourceVersionDate "1997.11.17"]
[SourceQuality "1"]

1.d4 d5 2.c4 e6 3.Nf3 c5 4.cxd5 exd5 5.Nc3 Nc6 6.g3 Nf6 7.Bg2 Be7 8.dxc5 
Bxc5 9.O-O O-O 10.Bg5 Be6 11.Rc1 Be7 12.Nd4 Bg4 13.Be3 Qd7 14.Nb3 Rad8 15.
Nb5 a6 16.N5d4 Ne5 17.Nc5 Bxc5 18.Rxc5 Rc8 19.b4 Bh3 20.Nb3 Bxg2 21.Kxg2 
Qa4 22.Ra5 Qd7 23.Bg5 Nc6 24.Rc5 b6 25.Rc1 Ne4 26.Bd2 Qe7 27.a3 d4 28.Be1 
Qe5 29.Qd3 Qd5 30.f3 Nd6 31.Bf2 Nb5 32.Nd2 Ne5 33.Qf5 Nd6 34.Qh5 f5 35.
Rcd1 Rc2 36.a4 d3 37.exd3 Rxd2 38.Rxd2 g6 39.Qh6 Nxf3 40.Kh3 g5 0-1

[Event "12th Capablanca Memorial"]
[Site "Cienfuegos CUB"]
[Date "1975.03.06"]
[Round "2"]
[White "Razuvaev, Yury"]
[Black "Garcia Martinez, Silvino"]
[Result "1/2-1/2"]
[WhiteElo "2510"]
[BlackElo "2445"]
[EventDate "1975.03.05"]
[WhiteFideId "-1"]
[BlackFideId "-1"]
[PlyCount "33"]
[Beauty "6597472420869"]
[GameId "272191863013"]
[EventType "tourn"]
[EventRounds "17"]
[EventCountry "CUB"]
[EventCategory "8"]
[SourceTitle "EXT 1998"]
[Source "ChessBase"]
[SourceDate "1997.11.17"]
[SourceVersion "1"]
[SourceVersionDate "1997.11.17"]
[SourceQuality "1"]

1.e4 c5 2.Nf3 Nc6 3.d4 cxd4 4.Nxd4 g6 5.c4 Nf6 6.Nc3 d6 7.Be2 Nxd4 8.Qxd4 
Bg7 9.Bg5 O-O 10.Qd2 Be6 11.Rc1 a6 12.f3 b5 13.cxb5 axb5 14.Bxb5 Bxa2 15.
O-O Bb3 16.Be3 Qb8 17.Be2 1/2-1/2

[Event "12th Capablanca Memorial"]
[Site "Cienfuegos CUB"]
[Date "1975.03.06"]
[Round "2"]
[White "Sydor, Andrzej"]
[Black "Sigurjonsson, Gudmundur"]
[Result "1/2-1/2"]
[WhiteElo "2395"]
[BlackElo "2475"]
[EventDate "1975.03.05"]
[WhiteFideId "-1"]
[BlackFideId "-1"]
[PlyCount "78"]
[Beauty "6187168828423"]
[GameId "272191863014"]
[EventType "tourn"]
[EventRounds "17"]
[EventCountry "CUB"]
[EventCategory "8"]
[SourceTitle "EXT 1998"]
[Source "ChessBase"]
[SourceDate "1997.11.17"]
[SourceVersion "1"]
[SourceVersionDate "1997.11.17"]
[SourceQuality "1"]

1.f4 d5 2.Nf3 g6 3.g3 Bg7 4.Bg2 c5 5.O-O Nc6 6.d3 Nf6 7.Nc3 d4 8.Na4 Qd6 
9.e4 dxe3 10.Bxe3 b6 11.Ne5 Bb7 12.Nc3 Qc7 13.Qf3 Na5 14.Qe2 O-O 15.Rae1 
e6 16.Bd2 a6 17.Nd1 Nc6 18.Nxc6 Bxc6 19.Bc3 Rfd8 20.Ne3 Rac8 21.Nc4 Bxg2 
22.Qxg2 Qc6 23.Qxc6 Rxc6 24.Re2 b5 25.Nd2 Nd5 26.Bxg7 Kxg7 27.Nf3 f6 28.
Rfe1 Kf7 29.Kf2 h6 30.h4 h5 31.a3 Nb6 32.Nd2 Na4 33.Rb1 c4 34.dxc4 bxc4 
35.Ne4 Rb8 36.b4 Rd8 37.Rd2 Rxd2+ 38.Nxd2 Nc3 39.Re1 Ke7 1/2-1/2

[Event "12th Capablanca Memorial"]
[Site "Cienfuegos CUB"]
[Date "1975.03.07"]
[Round "3"]
[White "Estevez Morales, Guillermo"]
[Black "Pesantes Carbajal, Carlos"]
[Result "0-1"]
[WhiteElo "2330"]
[BlackElo "2330"]
[EventDate "1975.03.05"]
[WhiteFideId "-1"]
[BlackFideId "-1"]
[PlyCount "84"]
[Beauty "7494181073945"]
[GameId "272191863015"]
[EventType "tourn"]
[EventRounds "17"]
[EventCountry "CUB"]
[EventCategory "8"]
[SourceTitle "EXT 1998"]
[Source "ChessBase"]
[SourceDate "1997.11.17"]
[SourceVersion "1"]
[SourceVersionDate "1997.11.17"]
[SourceQuality "1"]

1.d4 Nf6 2.c4 e6 3.Nf3 d5 4.Nc3 Nbd7 5.Bg5 Be7 6.e3 c6 7.Rc1 O-O 8.Bd3 
dxc4 9.Bxc4 Nd5 10.Bxe7 Qxe7 11.O-O N5b6 12.Bb3 e5 13.Qd3 Rd8 14.Qe4 Re8 
15.Rfd1 exd4 16.Ng5 Nf6 17.Qxd4 Nfd5 18.Nxf7 Qxf7 19.e4 Be6 20.exd5 cxd5 
21.Nb5 Rad8 22.Nxa7 Nd7 23.Nb5 Nf6 24.f3 Qg6 25.Qf2 Rf8 26.Qg3 Qh6 27.Qe5 
Nh5 28.Nd4 Bf7 29.Nf5 Qb6+ 30.Qd4 Qe6 31.Ne3 Nf6 32.Re1 Qa6 33.Nf5 Kh8 34.
Rc7 Rc8 35.Rxc8 Rxc8 36.h3 h6 37.Qf2 Nh5 38.Nd4 Qf6 39.Qe3 Nf4 40.Qe5 Re8 
41.Qxf6 Rxe1+ 42.Kf2 Nd3+ 0-1

[Event "12th Capablanca Memorial"]
[Site "Cienfuegos CUB"]
[Date "1975.03.07"]
[Round "3"]
[White "Garcia Gonzales, Guillermo"]
[Black "Andersson, Ulf"]
[Result "0-1"]
[WhiteElo "2485"]
[BlackElo "2565"]
[EventDate "1975.03.05"]
[WhiteFideId "-1"]
[BlackFideId "-1"]
[PlyCount "108"]
[Beauty "6739877432357"]
[GameId "272191862974"]
[EventType "tourn"]
[EventRounds "17"]
[EventCountry "CUB"]
[EventCategory "8"]
[SourceTitle "EXT 1998"]
[Source "ChessBase"]
[SourceDate "1997.11.17"]
[SourceVersion "1"]
[SourceVersionDate "1997.11.17"]
[SourceQuality "1"]

1.c4 Nf6 2.Nc3 c5 3.Nf3 e6 4.g3 Be7 5.Bg2 O-O 6.O-O a6 7.b3 Nc6 8.d4 cxd4 
9.Nxd4 Qc7 10.Bb2 d6 11.Rc1 Nxd4 12.Qxd4 Bd7 13.Rfd1 Rfd8 14.h3 Be8 15.Qe3
Rac8 16.g4 Bf8 17.g5 Nd7 18.h4 Qb8 19.h5 b5 20.cxb5 axb5 21.g6 d5 22.gxh7+
Kxh7 23.h6 g6 24.Qd4 f6 25.Bh3 Bf7 26.Nxd5 exd5 27.Bxd7 Rxd7 28.Qxf6 Bxh6 
29.Rxc8 Qxc8 30.Rd3 Qd8 31.Rh3 Qxf6 32.Bxf6 g5 33.Bxg5 Rd6 34.Bf4 Rg6+ 35.
Kf1 Kg7 36.Be5+ Kf8 37.Rc3 Re6 38.Rc8+ Be8 39.Bd4 Kf7 40.Rc7+ Kg6 41.Ra7 
Kf5 42.e3 Ke4 43.Ke2 Bh5+ 44.Kd2 Bf8 45.a3 Be7 46.Ra5 Rg6 47.Rxb5 Bxa3 48.
Rb6 Rxb6 49.Bxb6 Bb4+ 50.Kc2 Bf3 51.Bc7 Be2 52.Bb6 Bd3+ 53.Kd1 Kf3 54.Bd4 
Be4 0-1